Fiatalkorúak javítóintézeti nevelése

Elmentve itt :
Bibliográfiai részletek
Szerző: Varga Marianna
További közreműködők: Lőrincz József (Témavezető)
Dokumentumtípus: Szakdolgozat
Megjelent: 2011
Tárgyszavak:
Law
Online Access:http://diploma.bibl.u-szeged.hu/131678
LEADER 00682nta a2200193 i 4500
001 dipl131678
005 20221126160615.0
008 221126s2011 hu om 0|| hun d
040 |a SZTE Diploma Repozitórium  |b hun 
041 |a hun 
100 1 |a Varga Marianna 
245 1 0 |a Fiatalkorúak javítóintézeti nevelése  |h [elektronikus dokumentum] /  |c Marianna Varga 
246 1 0 |a Juvenile reformatory education  |h [elektronikus dokumentum] 
260 |c 2011 
650 4 |a Jogi és igazgatási tanulmányok 
650 4 |a Social sciences 
650 4 |a Law 
700 1 |a Lőrincz József  |e ths 
856 4 0 |u https://diploma.bibl.u-szeged.hu/id/eprint/131678/1/2011_varga_marianna.pdf  |z Dokumentum-elérés